| 000 | 00724cam a22002293a 4500 | ||
|---|---|---|---|
| 001 | 1157 | ||
| 003 | PGUSA | ||
| 005 | 20140828082957.0 | ||
| 008 | 980101s1998||||xxu|||||s|||||000 1 eng d | ||
| 040 |
_aPGUSA _beng |
||
| 042 | _adc | ||
| 050 | 4 | _aPS | |
| 100 | 1 |
_aBrieux, Eugène, _d1858-1932 |
|
| 245 | 1 | 0 |
_aDamaged Goods : _bThe great play "Les avariés" by Brieux, novelized with the approval of the author _h[electronic resource] / _cEugène Brieux |
| 260 |
_bProject Gutenberg, _c1998 |
||
| 506 | _aPublic domain in the USA. | ||
| 516 | _aElectronic text | ||
| 653 | _aSexually transmitted diseases -- Fiction | ||
| 830 | 0 |
_aProject Gutenberg _v1157 |
|
| 856 | 4 | 0 | _uhttp://www.gutenberg.org/ebooks/1157 |
| 942 | _cEB | ||
| 999 |
_c230505 _d230505 |
||